| 000 | 00629nam a2200193 a 4500 | ||
|---|---|---|---|
| 003 | OSt | ||
| 005 | 20240226121510.0 | ||
| 008 | 180228t2016 pk | |||| 00| 0 urd d | ||
| 040 | _c0 | ||
| 082 |
_a954.90257 _bASL 2016 |
||
| 100 | 1 |
_aاسلم راہی ايم اے _9121239 |
|
| 245 | 1 | 0 |
_aسُلطان شمسُ الدّين التمش _cAslam Rahi M A |
| 246 | _aSultan Shams Ud Al Tamash | ||
| 260 |
_aLahore: _bImad Pub; _c2016. |
||
| 300 | _a520 p. | ||
| 650 |
_aUrdu literature _99798 |
||
| 942 |
_2ddc _cBK _aSADA _k954.90257 ASL 2016 |
||
| 999 |
_c608169 _d608169 |
||